BSE in sheep contingency plan (Record no. 117455)

MARC details
000 -LEADER
fixed length control field 01058cam a2200229 4500
001 - CONTROL NUMBER
control field WB4021-15
008 - FIXED-LENGTH DATA ELEMENTS--GENERAL INFORMATION
fixed length control field 040602n2004 000 0 eng u
035 ## - SYSTEM CONTROL NUMBER
System control number (Sirsi) u126387
245 ## - TITLE STATEMENT
Title BSE in sheep contingency plan
260 ## - PUBLICATION, DISTRIBUTION, ETC.
Date of publication, distribution, etc. 2004
490 ## - SERIES STATEMENT
Series statement DEFRA News Release
Volume/sequential designation (211/2004) 2 June 2004 (2)
520 ## - SUMMARY, ETC.
Summary, etc. DEFRA launched a consultation on the UK contingency plan on possible actions if BSE were confirmed in sheep. BSE has not been found in sheep but there is a theoretical risk that BSE could be present in sheep, masked as scrapie. The plan will be subject to ongoing revision taking on the latest scientific advice, developments in policy and suggestions from operational partners. DEFRA news release http://www.defra.gov.uk/news/2004/040602b.htm. Contingency plan http://www.defra.gov.uk/corporate/consult/bseinshe ep/index.htm.
590 ## - LOCAL NOTE (RLIN)
Local note WB
590 ## - LOCAL NOTE (RLIN)
Local note WB
650 ## - SUBJECT ADDED ENTRY--TOPICAL TERM
Topical term or geographic name entry element BSE
650 ## - SUBJECT ADDED ENTRY--TOPICAL TERM
Topical term or geographic name entry element SHEEP
650 ## - SUBJECT ADDED ENTRY--TOPICAL TERM
Topical term or geographic name entry element CONTINGENCY PLANS
650 ## - SUBJECT ADDED ENTRY--TOPICAL TERM
Topical term or geographic name entry element SCRAPIE
650 ## - SUBJECT ADDED ENTRY--TOPICAL TERM
Topical term or geographic name entry element CONSULTATION PROCESS
690 ## - LOCAL SUBJECT ADDED ENTRY--TOPICAL TERM (OCLC, RLIN)
Topical term or geographic name as entry element RURAL
9 (RLIN) 6268
942 ## - ADDED ENTRY ELEMENTS (KOHA)
Suppress in OPAC 0
Holdings
Withdrawn status Lost status Source of classification or shelving scheme Damaged status Not for loan Home library Current library Shelving location Date acquired Total Checkouts Full call number Barcode Date last seen Copy number Price effective from Koha item type
    Dewey Decimal Classification     London London News article 02/06/2004   WB4021-15 126387-1001 06/08/2019 1 06/08/2019 News article